You will be my witnesses : (Record no. 130589)
[ view plain ]
| 000 -LEADER | |
|---|---|
| fixed length control field | 01512cam a22002894a 4500 |
| 001 - CONTROL NUMBER | |
| control field | 14095612 |
| 003 - CONTROL NUMBER IDENTIFIER | |
| control field | ARRUPE |
| 005 - DATE AND TIME OF LATEST TRANSACTION | |
| control field | 20201029104624.0 |
| 008 - FIXED-LENGTH DATA ELEMENTS--GENERAL INFORMATION | |
| fixed length control field | 050901s2006 nyua 000 0 eng |
| 010 ## - LIBRARY OF CONGRESS CONTROL NUMBER | |
| LC control number | 2005025701 |
| 020 ## - INTERNATIONAL STANDARD BOOK NUMBER | |
| International Standard Book Number | 1570756414 |
| 020 ## - INTERNATIONAL STANDARD BOOK NUMBER | |
| International Standard Book Number | 9781570756412 |
| 035 ## - SYSTEM CONTROL NUMBER | |
| System control number | (OCoLC)ocm61499908 |
| 040 ## - CATALOGING SOURCE | |
| Original cataloging agency | DLC |
| Transcribing agency | DLC |
| Modifying agency | YDX |
| -- | BAKER |
| -- | DLC |
| 042 ## - AUTHENTICATION CODE | |
| Authentication code | pcc |
| 050 00 - LIBRARY OF CONGRESS CALL NUMBER | |
| Classification number | BX1682.Z3 |
| Item number | .P315 |
| 082 00 - DEWEY DECIMAL CLASSIFICATION NUMBER | |
| Classification number | 270.092/2 |
| Edition number | 22 |
| 300 ## - PHYSICAL DESCRIPTION | |
| Dimensions | 21 cm. |
| 100 ## - MAIN ENTRY--PERSONAL NAME | |
| Personal name | Patriarca, Emilio |
| 9 (RLIN) | 50099 |
| 245 10 - TITLE STATEMENT | |
| Title | You will be my witnesses : |
| Remainder of title | Acts 1:8 |
| Statement of responsibility, etc | Emilio Patriarca |
| 260 ## - PUBLICATION, DISTRIBUTION, ETC. (IMPRINT) | |
| Place of publication, distribution, etc | Ndola. : |
| Name of publisher, distributor, etc | Mission Press, |
| Date of publication, distribution, etc | c2005. |
| 300 ## - PHYSICAL DESCRIPTION | |
| Extent | vi, 88 p. : |
| 505 0# - FORMATTED CONTENTS NOTE | |
| Formatted contents note | Mary -- John the Baptist -- Mary Magdalene -- Andrew -- Origen -- Maximilian -- Dymphna -- Mansur Al-Hallaj -- Francis of Assisi -- Clare -- Theodore of the Cross -- Ignatius Loyola -- Edmund Campion -- Mary Dyer -- Maria of Olonets -- Bernadette of Lourdes -- Gerard Manley Hopkins -- Therese of Lisieux -- Gemma Galgani -- Josephine Bakhita -- Francisco Marto -- Miguel Pro -- Faustina Kowalska -- Josephine Bakhita -- Alberto Hurtado -- Dorothy Day -- Jean Donovan -- Hans Urs von Balthasar -- A.T. Thomas -- Mychal Judge -- Philip Berrigan -- Mary, the triumph of the Immaculate Heart. |
| 650 ## - SUBJECT ADDED ENTRY--TOPICAL TERM | |
| Topical term or geographic name as entry element | Catholic Church in Zambia |
| 9 (RLIN) | 50100 |
| 906 ## - LOCAL DATA ELEMENT F, LDF (RLIN) | |
| a | 7 |
| b | cbc |
| c | orignew |
| d | 1 |
| e | ecip |
| f | 20 |
| g | y-gencatlg |
| 942 ## - ADDED ENTRY ELEMENTS (KOHA) | |
| Source of classification or shelving scheme | Library of Congress Classification |
| Koha item type | Monograph ( Printed materials) |
| Withdrawn status | Lost status | Source of classification or shelving scheme | Damaged status | Not for loan | Collection code | Home library | Current library | Shelving location | Date acquired | Total Checkouts | Full call number | Barcode | Date last seen | Price effective from | Koha item type |
|---|---|---|---|---|---|---|---|---|---|---|---|---|---|---|---|
| Library of Congress Classification | Main Collection | ARRUPE LIBRARY | ARRUPE LIBRARY | Main Collection | 29/10/2020 | BX1682.Z3 .P315 | 46600008184 | 29/10/2020 | 29/10/2020 | Monograph ( Printed materials) |